| 000 | 00433nam a2200157Ia 4500 | ||
|---|---|---|---|
| 008 | 240729s9999 xx 000 0 und d | ||
| 022 | _a2078-5135 | ||
| 245 | 0 | _aSouth African Medical Journal | |
| 260 | _aSouth Africa | ||
| 260 | _bSouth African Medical Association | ||
| 650 | _a Medicine (General) | ||
| 650 | _aMedicine | ||
| 856 | _uhttps://doaj.org/toc/a1b3445e5b6d4756a91afc27176549ec | ||
| 942 | _2ddc | ||
| 942 | _cDOAJEJ | ||
| 999 |
_c67352 _d67352 |
||
| 945 |
_a1 _bMadushi Gamage _c1 _dMadushi Gamage |
||